Paroles : Le temps des cathédrales- Notre-Dame de Paris - Statistiques

Statistiques générales
  • Ce quiz a été pris 1 801 fois
  • Le résultat moyen est 149 sur 185
Statistiques - réponses
Hint Réponse % Correct
de
99%
De
99%
le
99%
Le
99%
des
98%
est
98%
Est
98%
Refrain Il
98%
temps
98%
cathédrales
97%
venu
97%
en
94%
un
94%
Dans
93%
dans
93%
les
93%
Les
93%
a
92%
à
92%
et
92%
la
92%
La
92%
monde
92%
millénaire
91%
millénaire
91%
nouveau
91%
entré
90%
ce
86%
étoiles
85%
étoiles
85%
vers
84%
histoire
83%
Histoire
83%
histoire
83%
ou
83%
pierre
82%
Couplet 2 Pierre
82%
pierre,
82%
pour
82%
Pour
82%
ces
81%
son
81%
une
80%
monter
79%
qui
79%
Qui
79%
voulu
79%
l'an
77%
verre
76%
Couplet 1 C'est
75%
Écrire
75%
L'homme
75%
au
72%
fin
72%
deux mille
71%
Dieu
70%
après
69%
d'amour
69%
jour
69%
foutu
68%
aux
67%
lieu
67%
prévue
67%
siècle
67%
avec
66%
belle
65%
Paris
65%
ville
65%
amour
63%
barbares
63%
portes
63%
ses
63%
venir
63%
désir
62%
troubadours
62%
siècles
61%
artistes
60%
Ont
60%
anonymes
59%
foule
59%
Mille quatre cent quatre-vingt-deux
58%
vous
58%
chansons
57%
entrer
57%
chanté
56%
Laissez
56%
rime
56%
lendemains
55%
mains
55%
poètes
55%
tours
55%
vandales
55%
meilleurs
54%
Qu'il
54%
vu
54%
s'élever
51%
avait
50%
genre
50%
humain
50%
sculpture
49%
païens,
48%
transcrire
47%
Nous
44%
promettaient
44%
Tenteront
44%
bâties
33%
Aucun quiz correspondant
Distribution des résultats
% des personnes avec chaque résultat
Percentile par nombre de réponses
Votre historique - résultats
Vous n’avez pas pris ce quiz